Languages of Sint Maartin - Statistics

General Stats
  • This quiz has been taken 31 times
  • The average score is 4 of 5
Answer Stats
Percent Language % Correct
67 English
100%
1 French
100%
12 Spanish
82%
8 Creole
57%
2 Papiamento
43%
No matching quizzes found
Score Distribution
Percent of People with Each Score
Percentile by Number Answered
Your Score History
You have not taken this quiz